000 00410nam a22001697a 4500
003 MPLRDC
005 20220104123952.0
008 210129b ||||| |||| 00| 0 eng d
082 _a802.033 CYM
100 _a陈英鸣编著
245 _a语文教学手册
_c
250 _a初版
260 _a
_b艺美图书公司
_c1961
300 _b
650 _a中国语言--华语
942 _cBK
_o802.033 CYM
999 _c15612
_d15602